Normal view
MARC view
- تأليف الخلادي، عبد القادر ؛ عمر الدسوقي ؛ محمد صادق
Entry Personal Name
001 - CONTROL NUMBER
- control field: 48840
003 - CONTROL NUMBER IDENTIFIER
- control field: JO-AjAnu
005 - DATE AND TIME OF LATEST TRANSACTION
- control field: 20230606082043.0
008 - FIXED-LENGTH DATA ELEMENTS
- fixed length control field: 230606|| aca||aabn | a|a d
040 ## - CATALOGING SOURCE
- Original cataloging agency: JO-AjAnu
- Transcribing agency: JO-AjAnu
100 ## - HEADING--PERSONAL NAME
- Personal name: تأليف الخلادي، عبد القادر ؛ عمر الدسوقي ؛ محمد صادق
670 ## - SOURCE DATA FOUND
- Source citation: Work cat.: (JO-AjAnu)24983: تأليف الخلادي، عبد القادر ؛ عمر الدسوقي ؛ محمد صادق, author, الدراسات الأدبية: رسالة الصحابة - رسالة الكندي - رسالة الغفران، الجزء الثاني